<?xml version="1.0" encoding="UTF-8"?>
<record
    xmlns:xsi="http://www.w3.org/2001/XMLSchema-instance"
    xsi:schemaLocation="http://www.loc.gov/MARC21/slim http://www.loc.gov/standards/marcxml/schema/MARC21slim.xsd"
    xmlns="http://www.loc.gov/MARC21/slim">

  <leader>04989nam a2200457 a 4500</leader>
  <controlfield tag="001">dia_607</controlfield>
  <controlfield tag="003">CHAP</controlfield>
  <controlfield tag="005">20250828103213.0</controlfield>
  <controlfield tag="007">ta</controlfield>
  <controlfield tag="008">220117s1998    mx ad  frm    001 0 spa d</controlfield>
  <datafield tag="010" ind1=" " ind2=" ">
    <subfield code="a">171157</subfield>
  </datafield>
  <datafield tag="040" ind1=" " ind2=" ">
    <subfield code="c">CHAP</subfield>
    <subfield code="a">mxchpua</subfield>
    <subfield code="e">rda</subfield>
  </datafield>
  <datafield tag="090" ind1=" " ind2=" ">
    <subfield code="a">Tesis </subfield>
    <subfield code="b">L67 </subfield>
    <subfield code="c">1998</subfield>
  </datafield>
  <datafield tag="100" ind1="1" ind2=" ">
    <subfield code="a">L&#xF3;pez Moguel, Maria F&#xE9;lix</subfield>
  </datafield>
  <datafield tag="245" ind1="1" ind2="0">
    <subfield code="a">An&#xE1;lisis comparativo de la calidad industrial de variedades de trigo cristalino (Triticum durum L.) de temporal y de riego /</subfield>
    <subfield code="c">Mar&#xED;a F&#xE9;lix L&#xF3;pez Moguel  y Mar&#xED;a del Pilar Dom&#xED;nguez Garc&#xED;a</subfield>
  </datafield>
  <datafield tag="264" ind1=" " ind2=" ">
    <subfield code="a">Chapingo, M&#xE9;xico :</subfield>
    <subfield code="b">El autor,</subfield>
    <subfield code="c">1998</subfield>
  </datafield>
  <datafield tag="300" ind1=" " ind2=" ">
    <subfield code="a">x, 94 hojas :</subfield>
    <subfield code="b">ilustraciones, gr&#xE1;ficas, diagramas, tablas</subfield>
  </datafield>
  <datafield tag="336" ind1=" " ind2=" ">
    <subfield code="2">rdacontent</subfield>
    <subfield code="a">texto</subfield>
    <subfield code="b">txt</subfield>
  </datafield>
  <datafield tag="337" ind1=" " ind2=" ">
    <subfield code="2">rdamedia</subfield>
    <subfield code="a">no mediado</subfield>
    <subfield code="b">n</subfield>
  </datafield>
  <datafield tag="338" ind1=" " ind2=" ">
    <subfield code="2">rdacarrier</subfield>
    <subfield code="a">volumen</subfield>
    <subfield code="b">nc</subfield>
  </datafield>
  <datafield tag="502" ind1=" " ind2=" ">
    <subfield code="a">Tesis </subfield>
    <subfield code="b">(Ingeniero Agroindustrial) --</subfield>
    <subfield code="c">UACh. Departamento de Ingenier&#xED;a Agroindustrial, </subfield>
    <subfield code="d">1998</subfield>
  </datafield>
  <datafield tag="504" ind1=" " ind2=" ">
    <subfield code="a">Bibliograf&#xED;a: hojas 88-94</subfield>
  </datafield>
  <datafield tag="520" ind1="3" ind2=" ">
    <subfield code="a">Debido al inter&#xE9;s econ&#xF3;mico por sembrar trigo cristalino en localidades cercanas a la industria molinera de la zona centro del pa&#xED;s, se evalu&#xF3; la calidad industrial de dos variedades de trigo de temporal sembrados en tres localidades del Estado de M&#xE9;xico, durante el ciclo verano de 1996. realiz&#xE1;ndose una comparaci&#xF3;n con dos variedades comunes de riego. Se analizaron las caracter&#xED;sticas f&#xED;sicas del grano (peso hectolitrico, humedad y dureza), fisicoqu&#xED;micas de la harina integral, semolina y el subproducto harina (humedad, prote&#xED;na, color, pigmentaci&#xF3;n, sedimentaci&#xF3;n, cenizas y rendimiento) y caracter&#xED;sticas reol&#xF3;gicas (alveogr&#xE1;ficas y mixogr&#xE1;ficas) del subproducto harina, adem&#xE1;s se elabor&#xF3; espagueti. Con base en las caracter&#xED;sticas fisicoqu&#xED;micas de la harina integral, semolina y el subproducto harina se determin&#xF3; que las variedades de trigo cristalino estudiadas, re&#xFA;nen las as requeridas por la industria, a excepci&#xF3;n de las pruebas de sedimentaci&#xF3;n en la harina integral y semolina que se consideraron de gluten medio y de calidad media en el color de las semolinas, en las variedades Aculco-C96 y Tecamac-C96 cultivadas en Metepec (&lt;23.5, escala "b' de Hunter Lab), el pigmento en la harina se consider&#xF3; de contenido medio a excepci&#xF3;n de la variedad Tecamac-C96 cultivada en Metepec (calidad baja). Sin embargo, el rendimiento semolero fue bajo. En t&#xE9;rminos generales presentan caracter&#xED;sticas similares entre las variedades de riego y temporal. Con respecto a la calidad culinaria, las variedades de temporal presentaron menor calidad, a excepci&#xF3;n de la variedad de temporal Aculco-C96 cultivada en Metepec.&#xA0;--</subfield>
  </datafield>
  <datafield tag="520" ind1="3" ind2=" ">
    <subfield code="a">Because of the economic interest of sowving durum wheat near the milling industry in the Central Area of Mexico, it was evaluated the industrial quality of two rain-fed varieties durum wheat cultivated in three locations of the State of Mexico during the 1996 summer, carrying out a comparison with common varieties under irrigation. Grain physical characteristics (test weight, moisture and hardness), physicochermical characteristics of the whole meal, semolina and the flour sub-product (moisture, protein, color, pigmentation, sedimentation, ashes and yield), and rheological characteristics (alveographics and myxographics) of the flour sub-product, besides the elaboration of pasta (spaghetti) were analyzed. According to the physicochemicals characteristics of whole meal, semolina and the flour sub-product it was found out that they have the norms required by industry, except the sedimentation test of whole meal and semolina which showed medium gluten, and color of semolina of Aculco-C96 and Tecamac-C96 varieties grown in Metepec that were considered middle quality (&lt;23.5 Hunter Lab scale), the pigment in the flour was considered of middle content, except the Tecamac-C96 variety grown in Metepec (low quality). However, the semolina yield was low. In general, there are similar characteristics between the rain-fed and irrigation varieties. As to the cooking quality, the rain-fed varieties showed less quality, except the Aculco C96 variety which was grown in Metepec. </subfield>
  </datafield>
  <datafield tag="650" ind1="1" ind2="3">
    <subfield code="a">Trigo duro</subfield>
    <subfield code="2">atg</subfield>
    <subfield code="x">Calidad del grano</subfield>
  </datafield>
  <datafield tag="650" ind1="1" ind2="3">
    <subfield code="a">Trigo</subfield>
    <subfield code="2">atg</subfield>
    <subfield code="x">Propiedades f&#xED;sicas</subfield>
  </datafield>
  <datafield tag="650" ind1="1" ind2="3">
    <subfield code="a">Harina de trigo integral</subfield>
    <subfield code="2">atg</subfield>
    <subfield code="x">Propiedades fisicoqu&#xED;micas</subfield>
  </datafield>
  <datafield tag="650" ind1="1" ind2="3">
    <subfield code="a">Harina de trigo integral</subfield>
    <subfield code="2">atg</subfield>
    <subfield code="x">propiedades rheol&#xF3;gicas</subfield>
  </datafield>
  <datafield tag="650" ind1="1" ind2="3">
    <subfield code="a">Durum wheat</subfield>
    <subfield code="x">Grain quality</subfield>
    <subfield code="2">atg</subfield>
  </datafield>
  <datafield tag="650" ind1="1" ind2="3">
    <subfield code="a">Wheat</subfield>
    <subfield code="x">Physical properties</subfield>
    <subfield code="2">atg</subfield>
  </datafield>
  <datafield tag="650" ind1="1" ind2="3">
    <subfield code="a">Whole wheat flour</subfield>
    <subfield code="x">Physicochemical properties</subfield>
    <subfield code="2">atg</subfield>
  </datafield>
  <datafield tag="650" ind1="1" ind2="3">
    <subfield code="a">Whole wheat flour</subfield>
    <subfield code="x">Rheological properties</subfield>
    <subfield code="2">atg</subfield>
  </datafield>
  <datafield tag="700" ind1="1" ind2=" ">
    <subfield code="a">Dom&#xED;nguez Garc&#xED;a, Mar&#xED;a del Pilar</subfield>
    <subfield code="e">autora</subfield>
  </datafield>
  <datafield tag="700" ind1="1" ind2=" ">
    <subfield code="a">Hern&#xE1;ndez Sierra, Arturo</subfield>
    <subfield code="e">director</subfield>
  </datafield>
  <datafield tag="700" ind1="1" ind2=" ">
    <subfield code="a">Salazar Zazueta, Alfredo</subfield>
    <subfield code="e">asesor</subfield>
  </datafield>
  <datafield tag="700" ind1="1" ind2=" ">
    <subfield code="a">Reyes Vigil, Miguel</subfield>
    <subfield code="e">asesor</subfield>
  </datafield>
  <datafield tag="901" ind1=" " ind2=" ">
    <subfield code="a">TESIS L67 1998</subfield>
  </datafield>
  <datafield tag="902" ind1=" " ind2=" ">
    <subfield code="a">M</subfield>
  </datafield>
  <datafield tag="905" ind1=" " ind2=" ">
    <subfield code="a">0000001988                          mx A   0000000000spa00</subfield>
  </datafield>
  <datafield tag="942" ind1=" " ind2=" ">
    <subfield code="c">TESIS</subfield>
    <subfield code="2">Clasificaci&#xF3;n Universidad Aut&#xF3;noma Chapingo</subfield>
  </datafield>
  <datafield tag="999" ind1=" " ind2=" ">
    <subfield code="c">171157</subfield>
    <subfield code="d">171157</subfield>
  </datafield>
  <datafield tag="952" ind1=" " ind2=" ">
    <subfield code="0">0</subfield>
    <subfield code="1">0</subfield>
    <subfield code="2">local</subfield>
    <subfield code="4">0</subfield>
    <subfield code="5">5</subfield>
    <subfield code="7">0</subfield>
    <subfield code="8">TESIS</subfield>
    <subfield code="a">IA_</subfield>
    <subfield code="b">IA_</subfield>
    <subfield code="e">El autor</subfield>
    <subfield code="l">0</subfield>
    <subfield code="o">Tesis L67 1998</subfield>
    <subfield code="p">1101011396</subfield>
    <subfield code="r">2026-02-02 00:00:00</subfield>
    <subfield code="t">Ej. 2</subfield>
    <subfield code="y">TESIS</subfield>
  </datafield>
  <datafield tag="952" ind1=" " ind2=" ">
    <subfield code="0">0</subfield>
    <subfield code="1">0</subfield>
    <subfield code="2">local</subfield>
    <subfield code="4">0</subfield>
    <subfield code="5">1</subfield>
    <subfield code="7">0</subfield>
    <subfield code="8">TESIS</subfield>
    <subfield code="a">IA_</subfield>
    <subfield code="b">IA_</subfield>
    <subfield code="e">El autor</subfield>
    <subfield code="l">0</subfield>
    <subfield code="o">Tesis L67 1998</subfield>
    <subfield code="p">1101015861</subfield>
    <subfield code="r">2026-02-02 00:00:00</subfield>
    <subfield code="t">Ej. 1</subfield>
    <subfield code="y">TESIS</subfield>
  </datafield>
</record>
